आर्थिक पत्रकारिता / (Record no. 12885)
[ view plain ]
| 000 -LEADER | |
|---|---|
| fixed length control field | 03128 a2200313 4500 |
| 005 - DATE AND TIME OF LATEST TRANSACTION | |
| control field | 20090116124227.0 |
| 008 - FIXED-LENGTH DATA ELEMENTS--GENERAL INFORMATION | |
| fixed length control field | 090116t xxu||||| |||| 00| 0 hin d |
| 010 ## - LCCN (DPL NO) | |
| LC control number | B-292114-121 |
| 020 ## - INTERNATIONAL STANDARD BOOK NUMBER | |
| Terms of availability | 300.00 |
| International Standard Book Number | 8173156417 |
| 035 ## - SYSTEM CONTROL NUMBER | |
| System control number | B-292114-121 |
| 037 ## - SOURCE OF ACQUISITION | |
| Source of stock number/acquisition | प्रभात प्रकाशन |
| 040 ## - CATALOGING SOURCE | |
| Original cataloging agency | dpl |
| Language of cataloging | hn |
| 082 ## - DEWEY DECIMAL CLASSIFICATION NUMBER | |
| Classification number | 070.4 |
| 100 ## - MAIN ENTRY--PERSONAL NAME | |
| Personal name | पुराणिक, आलोक |
| 245 ## - TITLE STATEMENT | |
| Title | आर्थिक पत्रकारिता / |
| Statement of responsibility, etc | आलोक पुराणिक |
| 260 ## - PUBLICATION, DISTRIBUTION, ETC. (IMPRINT) | |
| Place of publication, distribution, etc | नई दिल्ली |
| Name of publisher, distributor, etc | प्रभात प्रकाशन |
| Date of publication, distribution, etc | 2007 |
| 270 ## - ADDRESS | |
| Address | 4/19 आसफ अली रोड |
| City | नई दिल्ली |
| State or province | दिल्ली |
| Postal code | 110002 |
| 300 ## - PHYSICAL DESCRIPTION | |
| Extent | 275पृ |
| Dimensions | 22 सेमी (सजिल्द) |
| 942 ## - ADDED ENTRY ELEMENTS (KOHA) | |
| Institution code [OBSOLETE] | dpl |
| Item type | Hindi Books |
| Call number prefix | / पुराणि |
| Source of classification or shelving scheme | Dewey Decimal Classification |
| Classification part | 070.4 |
| Call number suffix | पुराणि |
| Withdrawn status | Lost status | Source of classification or shelving scheme | Damaged status | Not for loan | Collection code | Home library | Current library | Date acquired | Source of acquisition | Cost, normal purchase price | Total Checkouts | Total Renewals | Full call number | Barcode | Date last seen | Copy number | Cost, replacement price | Koha item type |
|---|---|---|---|---|---|---|---|---|---|---|---|---|---|---|---|---|---|---|
| Dewey Decimal Classification | Non-fiction | Central Library | Central Library | 16/01/2009 | प्रभात प्रकाशन,/2275/16.9.08/348/4.9.08/20.9.08 | 300.00 | 5 | 1 | 070.4 पुराणि | B-292114 | 13/08/2019 | 1 | 300.00 | Hindi Books | ||||
| Dewey Decimal Classification | Non-fiction | Karol Bagh | Karol Bagh | 16/01/2009 | प्रभात प्रकाशन,/2275/16.9.08/348/4.9.08/20.9.08 | 300.00 | 070.4 पुराणि | B-292120 | 16/01/2009 | 1 | 300.00 | Hindi Books | ||||||
| Dewey Decimal Classification | Non-fiction | Mobile Library | Mobile Library | 16/01/2009 | प्रभात प्रकाशन,/2275/16.9.08/348/4.9.08/20.9.08 | 300.00 | 070.4 पुराणि | B-292115 | 16/01/2009 | 2 | 300.00 | Hindi Books | ||||||
| Dewey Decimal Classification | Non-fiction | Mobile Library | Mobile Library | 16/01/2009 | प्रभात प्रकाशन,/2275/16.9.08/348/4.9.08/20.9.08 | 300.00 | 070.4 पुराणि | B-292116 | 16/01/2009 | 2 | 300.00 | Hindi Books | ||||||
| Dewey Decimal Classification | Non-fiction | New Police Line | New Police Line | 16/01/2009 | प्रभात प्रकाशन,/2275/16.9.08/348/4.9.08/20.9.08 | 300.00 | 070.4 पुराणि | B-292117 | 16/01/2009 | 1 | 300.00 | Hindi Books | ||||||
| Dewey Decimal Classification | Non-fiction | Patel Nagar | Patel Nagar | 16/01/2009 | प्रभात प्रकाशन,/2275/16.9.08/348/4.9.08/20.9.08 | 300.00 | 070.4 पुराणि | B-292118 | 16/01/2009 | 1 | 300.00 | Hindi Books | ||||||
| Dewey Decimal Classification | Non-fiction | Sarojini Nagar | Sarojini Nagar | 16/01/2009 | प्रभात प्रकाशन,/2275/16.9.08/348/4.9.08/20.9.08 | 300.00 | 070.4 पुराणि | B-292119 | 16/01/2009 | 1 | 300.00 | Hindi Books | ||||||
| Dewey Decimal Classification | Non-fiction | Shahdara Branch | Shahdara Branch | 16/01/2009 | प्रभात प्रकाशन,/2275/16.9.08/348/4.9.08/20.9.08 | 300.00 | 070.4 पुराणि | B-292121 | 16/01/2009 | 1 | 300.00 | Hindi Books |
